[Event "BCC Championship"]
[Site "BCC"]
[Date "2016.04.07"]
[Round "1"]
[White "Patrick Cook"]
[Black "Robert Bailey"]
[Result "1/2-1/2"]
[WhiteElo "1669"]
[BlackElo "1569"]

1.b3 c5 2.Bb2 Nc6 3.e3 d5 4.Nf3 Bg4 5.Be2 e6 6.d3 Nf6 7.Nbd2 Be7 8.h3 Bxf3
9.Nxf3 O-O 10.O-O Qc7 11.a3!? Rfd8 12.d4?! cxd4 13.exd4!? Rac8 14.Bd3 {White
offered a draw...Black accepted after a long think. A nervy game...} {#d}
1/2-1/2

[Event "BCC Championship"]
[Site "BCC"]
[Date "2016.04.07"]
[Round "1"]
[White "Harrison Harrison"]
[Black "Jamie Brotheridge"]
[Result "1-0"]
[WhiteElo "1706"]
[BlackElo "1529"]

1.d4 Nf6 2.e4 Nxe4 3.Bd3 d5 4.Nf3 g6 5.O-O Bg7 6.Re1 Nf6 7.Nc3 Bg4 8.Bg5 Nbd7
9.h3 Bxf3 10.Qxf3 O-O 11.Nxd5 Nxd5 12.Qxd5 e6 13.Rxe6 c6 14.Qd6 Qxg5 15.Re7
Nb6 16.Rxb7 Qd5 17.Qxd5 cxd5 18.c3 Rfb8 19.Re7 Na4 20.Rae1 Rxb2 21.Rc7 Rxa2
22.Ree7 Rf8 23.Bb5 Nxc3! 24.Rxc3 Bxd4 25.Rf3 Rc2 26.Be8 f6 27.Bd7 Rb8 28.Re1
Rd8 29.Be6+ Kg7 30.Rd1 Be5 31.g3 d4 32.Rfd3 g5?! 33.Bf5 Rc7 34.Kg2 Rc2 35.Rb1
h5?! 36.Rb7+ Rc7 37.Rb4 Rd6?! 38.Rdb3 Rdc6 39.Rb8 Rc3 40.R3b5 R3c5 41.Rb4?
R5c6 42.R4b5 Rc5 43.Rb4 a5 44.R4b6 Bxg3! 45.Be6 Be5 46.Rg8+ Kh6?? 47.Rbb8??
Rh7 48.Bf5 Bxb8?? 49.Rg6# {this is one of my bad games... after this game l
said to him "l should give up chess"...and l was winning...! it happens to me
all the time... damn clock!  (lol) ... l will get you next time... l want
blood (lol)} 1-0

[Event "BCC Championship"]
[Site "BCC"]
[Date "2016.04.07"]
[Round "1"]
[White "James Watson"]
[Black "Michael Tausz"]
[Result "1-0"]
[WhiteElo "1802"]
[BlackElo "1433"]

{JW; was going to upload this once I'd had a chance to go through the game
properly but While its up I'll add some quick comments while on break at work}
1.d4 {MT to JB: Jamie, I  just saw you put your game with Harrison up, with a
heartfelt comment at the end. That made me rethink and put up this one, too,
as all I wanted to do before was just forget it as soon as possible. I
certainly also doubted whether chess is doing me any good after this last
minute debacle... Welcome to the club!} Nf6 2.c4 e5 {MT: Last time I tried
this against JW, I hung a knight after a few moves...
J} 3.e3 {MT: Seems a boring response...
JW: typically I'd just accept as it's the best move, but some lines can be
reasonably equal and on this particular night I wanted to play something
different that'd keep more pieces on} exd4 4.exd4 d5 5.Nf3 Nc6 6.Nc3 Bb4 7.h3
Qe7+ {MT: Seems like Black came out of the opening perfectly fine.} 8.Be3 Be6
9.c5 {I'm not certain about this decsision and suspect it's not the most
challenging way for white to play, I was just expecting my black to not have
the necessary expierence to capitalise on the more subtle set backs to this
sort of play} Ne4 {MT: Seems like Black is doing fine here.} 10.Qb3 O-O 11.Bd3
Qd7 {MT: I was eyeing h3, and the black Queen is in the diagonal of Be6. But}
12.O-O Nxc3 {JW: personally thought Bxc3 was better} 13.bxc3 Bxc5!? {MT: I did
see that h7 is on, too, but thought it might just be an exchange operation in
the end.
JW: I'm convinced this is a ? Move aside from several ways white can get the
pawn back on h7 (Qc2, Bxh7+, Ng5) dxc5 might just be good. Qd1 also briefly
crossed my mind thinking about some sort of Greek gift except it doesn't quite
work} 14.Ng5 {MT: Justified or not, I was more worried of Qb1 (h7 and b7 are
still on).} Be7 {MT: Is Bd6 better?
JW:Be7 seems correct} 15.Nxh7 {MT: I expected Bxh7.
There are a couple of different ideas, another one I considered is Bch7+ Kh8
Bb1 intending a lights quite battery} Bxh3 {JW: I only saw this after playing
Nxh7} 16.gxh3 {JW: I missed Bd6 when playing this.} Qxh3 17.Qd1 {JW: Looking
now with fresh eyes this is an obvious blunder as the simple Qxd5 looks like
an easy win as it solves all whites problems. I have a feeling I may have
already planned it several moves prior as I recall some line where black can't
move the f pawn due to the pin after an (unsound) sac. Bf4 also seems like an
easy win but I suspect I forgot I can respond Bg3 to ...Qg4+} Bd6 18.f4 {MT:
only move, but now I saw that I did not really consider what to do after Kg2
(after QxBe3+). Qg3+ would now be an easy draw through perpetual. JW: Re1
draws, since f2 is protected black has no better than a perpetual} Qxe3+
19.Kg2 Rfe8 {JW: this position is quite interesting as black has an extra 2
pawns but white definitely has a lot of compensation, weather it's enough is
another question. Hence why I spent an hour on my next move which may just
throw the game} 20.Nf6+?! {MT: I looked at this and thought it does not work.
I still think it should not have worked.
JW: probably white should just play Rf3 with chances but there are other
variations to analyse as well} gxf6 21.Rf3 Qe6 22.f5 Qd7 23.Rh3 Kf8 {MT: Black
is up material, likely to get the King away in time, had still enough time,
and should be winning.} 24.Qf3 Be5?! {MT: Too fancy, trying to return material
to seal the e-file. Ke7 might have been fine anyway.
JW:Ke7 and I wasn't sure how to proceed other than continue to keep pressure
and hope black gives chances while trying to untangle. BvR:black is winning
big time. After 24..Ke7 black will be as safe as the bank of England...}
25.Re1 Ke7 26.Bb5 Rg8+ {JW: forgot about this check as some of my calculations
included the room still on e8} 27.Kf2 Nxd4 28.cxd4 Qxb5 29.Qa3+ Kd7 30.dxe5
Qb6+ 31.Kf3 Rae8 32.e6+ fxe6 33.Rh7+ Kd8 34.Rc1 Qd6?? {MT: Sudden suicide move
in an otherwise won position!! Compared to other moves that get ?? on this
site, this one should have at least ???
Of course, the real reason is that the better player won eventually, because
White kept being annoying, and Black kept worrying (for no real reason) and
finally stumbled! It is very difficult to win a won game against a better
player!
Maybe one lesson here is: I DISMISSED this move at the very beginning, as I
saw the catastrophe, but for some reason I came back to it after looking at
other options, and suddenly believed I can get Re7 in before the white rook
gets to the 7th rank. Obviously forgetting to count one move. If anyone has
good advice on this 'discipline of mind' issue, I would like to hear it, as it
seems to happen more often.} 35.Qxd6+ {MT: oh, btw, I thought while pondering
my previous move that 34...Qd4 may win soon (and I still think so). E. g.
threatens Qe4+, Rg2+ and possibly mate. I could not see to the very end so
thought it may not be forced enough. GREAT decision!} cxd6 36.Rcc7 Ref8
37.Rhd7+ Ke8 38.fxe6 Rg5 39.Rc8# {JW: Extremely unlucky result for black.
Clearly played the much better game and by all means should have won. I was
the recipient of good fortune this time and will need to play better chess if
I wish to be competitive in this tournament} 1-0

[Event "BCC Championship"]
[Site "BCC"]
[Date "2016.04.07"]
[Round "8"]
[White "Ben Naughton"]
[Black "Jeremy Lim"]
[Result "0-1"]
[WhiteElo "1421"]
[BlackElo "1520"]

1.e4 c5 2.Nf3 Nc6 3.d4 cxd4 4.Nxd4 Nf6 5.Nxc6 bxc6 6.Bd3 g6 7.Be3 Bg7 8.Nc3
O-O 9.O-O d6 10.Be2 Bb7 11.f4 Qc7 12.f5 d5 13.Bd3 Rad8 14.e5 Qxe5 15.Bxa7 Ne4
16.Rb1 c5 {Objectively not the best move, but sets a trap} 17.Re1 Qd4+ {#R}
0-1

[Event "BCC Championship"]
[Site "BCC"]
[Date "2016.05.13"]
[Round "6"]
[White "Ben Naughton"]
[Black "Jamie Brotheridge"]
[Result "1-0"]
[WhiteElo "1421"]
[BlackElo "1529"]

1.e4 c5 2.Nf3 Nc6 3.Nc3 e6 4.d3 d6 5.Be3 a6 6.d4 cxd4 7.Nxd4 Nf6 8.Nb3 b5 9.a4
b4 10.Na2 Nxe4 11.Bd3 Nf6 12.a5 Nd7 13.Nac1 Be7 14.Qd2 d5 15.Ne2 Bb7 16.O-O
O-O 17.Ned4 Rc8 18.Qe2 Nxd4 19.Bxd4 Rc6 20.f4 Bf6 21.Be5 {l think lm falling
apart lol} Qa8 {stupid move here we go a gain lm failling apart lol} 22.Ra4
Be7 23.Rf3 g6 24.Bd4 Qc8 25.Re3 Nc5 26.Nxc5 Bxc5 27.Bxc5 Rxc5 28.Rxb4 Rxa5
29.f5 Qc5 {l rush this move cant help myself} 30.Rxb7 e5 31.Qd2 Ra1+ 32.Kf2 e4
33.Be2 {d4 black a bit better -0.63} gxf5 {l fall asleep agian} 34.b4 {bingo
you have win the lotterylm getting smash} Qd6 35.Rg3+ Kh8 36.Qd4+ {its your
lucky day  l will get you next time ben who,s going to get the wooden spoon
lol lm not playing a good tournament l,m hoping it will be my year next year
the year of the rooster lol and l have a plan. now l will drown my sorrows
with a red organic wine} {#r} 1-0

[Event "BCC Championship"]
[Site "BCC"]
[Date "2016.04.14"]
[Round "2"]
[White "Jamie Brotheridge"]
[Black "Patrick Cook"]
[Result "0-1"]
[WhiteElo "1529"]
[BlackElo "1659"]

1.e4 Nf6! {I knew JB would be ready for the French...} 2.e5 Nd5 3.c4 Nb6
4.c5?! Nd5 5.Nc3 e6 6.d4 Nxc3!? {6...d6 is safer...} 7.bxc3 b6?! {again,
7...d6 is better.} 8.Be3 bxc5 9.dxc5 c6?! {leaves Black's position very
cramped...9...d6 is probably better.} 10.Qa4 a5 11.Nf3 Na6 12.Bxa6 Bxa6 13.c4
Rb8 14.a3 Be7 15.O-O O-O 16.Rab1 Qc7 17.Rb6! Ra8 18.Rfb1 Rfb8 19.Qxa5 Bd8
{19...Bxc4?? loses to 20.Rxb8+ and the Queen is gone! (P.C.)} 20.Qb4 Rc8
21.Qc3 Qa7 22.R6b2 Rcb8 23.Nd2 Rxb2 24.Rxb2 Rb8 25.Rc2 f6!? 26.Bd4 fxe5
27.Bxe5 Rb7 28.Ne4?! Ba5!! {I wasn't entirely sure about this, but was feeling
despondent about my position. It turns out to be quite good! 29.Qxa5 Rb1+ is
mate.} 29.Qe3 d5! 30.cxd6?? {another disastrous tactical oversight by the
luckless JB...} Rb1+! {31.Rc1 Qxe3 leaves White in ruins...} {#R} 0-1

[Event "BCC Championship"]
[Site "BCC"]
[Date "2016.04.14"]
[Round "2"]
[White "Robert Bailey"]
[Black "Rodney Jacobs"]
[Result "0-1"]
[WhiteElo "1569"]
[BlackElo "1659"]

1.e4 e5 2.Nf3 Nc6 3.Bb5 f5 4.d3 d6 5.O-O Nf6 6.Nc3 Be7 7.a3 fxe4 8.dxe4 Bg4
9.Re1 O-O 10.Nd5 Bxf3 11.Nxe7+ Qxe7 12.gxf3 Nd4 13.Bc4+ Kh8 14.Be3 Nh5!
15.Bxd4 Nf4?! {Showy but not great.  Simply exd4 is stronger (RJ)} 16.Kh1!
exd4 17.Qxd4 Qh4? 18.Rg1 Qh6 19.Rg3 Rf6 20.Rag1?? {A horrible blunder leading
to an aesthetically appealing finish in the vein of Averbakh vs Kotov 1953.
Necessary was 20.e5 after which Rf5, exd6, Rh4 and Kg1, potentially holding
on. A nice thunderous conclusion by Rod Jacobs (comment by Rob Bailey)} Qxh2+!
{Thanks for the comments Rob. Sorry about your wasted prep on the
Scandinavian!  Rod} {#R} 0-1

[Event "BCC Championship"]
[Site "BCC"]
[Date "2016.04.07"]
[Round "1"]
[White "Rodney Jacobs"]
[Black "Kevin Perrin"]
[Result "1-0"]
[WhiteElo "1659"]
[BlackElo "1607"]

1.e4 d6 2.d4 Nd7 3.f4 g6 4.Nf3 Bg7 5.c3 Ngf6 6.Bd3 O-O 7.O-O e6 8.Qe1 b6 9.f5
exf5 10.exf5 Bb7 11.Bg5 c5 12.Nbd2 cxd4 13.cxd4 Rc8 14.Qh4 Bd5 {Deep Shredder
says Qc7 is better} 15.b3? {Deep Shredder indicates 15.fxf6 fxg6 16 Ne4 with
evaluation of 1.34 (RJ)} Rc3 16.Be4 Qa8 17.Bxd5 Qxd5 18.Rae1 Qxf5 19.Re7?
{19,Ne5 Qc2 20, Nxd7 Nxd7 21. Re7 Nb8 22. Ne4 Nc6 23. Nxc3 Nxe7 & white is
slightly better - Deep Shredder (RJ)} Qb5! 20.Nc4 Qc6? {Nd5 and black has
upper hand (Deep Shredder) RJ} 21.Qh3? {Bh6} b5! {It is now black who has the
upper hand} 22.Ncd2? {Ne3,} a6 23.Bh6 Bxh6 24.Qxh6 Nb6? {Re8. Both now in time
trouble} 25.Ng5 Nbd5 26.Nde4?? {A blunder in time trouble. Ne6 mates. (RJ)}
Rc2 27.Rxf6?? {Missed it again.} Rc1+ 28.Rf1? {Kf2 wins (RJ)} Rxf1+ {The
position is now even} 29.Kxf1 Qc1+ 30.Kf2 Qf4+ 31.Ke1 Qe3+ 32.Kd1 Qg1+ 33.Ke2
Qxg2+? {A bad mistake with 1 minute on the clock. Qe3 ch draws.(RJ)} 34.Nf2
Nf4+? {Nc6 is necessary now (RJ)} 35.Kd1 Qf1+ 36.Re1 {#r} 1-0

[Event "BCC Championship "]
[Site "BCC"]
[Date "2016.04.14"]
[Round "2"]
[White "Michael Tausz"]
[Black "Peter Lumsdon"]
[Result "0-1"]
[WhiteElo "1433"]
[BlackElo "1786"]

1.e4 c5 2.d4 cxd4 3.c3 dxc3 4.Nxc3 d6 5.Nf3 Nc6 6.Bc4 e6 7.O-O Be7 8.Qe2 a6
9.Rd1 Qc7 10.Bf4 Bd7 11.Rac1 Rc8 12.Nd5?! {MT: The Knight was itching to jump
into the fire, but it turned out too optimistic and premature! My thoughts
were: I am ahead in getting my pieces out, have possibilities on the c-file
(which hopefully displaces his Queen) and can open the e-file while his King
is still stuck in the middle. The pawn on d6 seems quite weak, too. Still
somehow looks good to me, though, but obviously that's not enough. The Knight
on g8 looks stuck, but it actually defends e7 very well. Note to self: More
and better calculation needed!} exd5 13.exd5 Na5! {MT: I thought this was the
best defence. The analysis engine on this site actually recommends Na7 and
sees it as -1.5 then! On the game continuation however, the engine ends up
(after thinking it was at least -1.5 for quite a while) on -.0.088 - so thinks
there is enough compensation! The engine line is actually exactly what we
played over the next moves!} (13...Ne5 14.Nxe5 dxe5 15.Bxe5 Qb6 16.Bxg7 {was
one of the lines that lured me into playing the knight sac.}) 14.Bxa6 Qb6!
{MT: because of poor calculation I underestimated this move. I mainly reckoned
with Qb8 or Qd8 and thought both are rather good for White. Not that I saw the
following lines in any detail...} (14...Qb8 15.Bb5 Rxc1 16.Rxc1 Bxb5 17.Qxb5+
Kd8 18.Qxa5+) (14...Qd8 15.Bb5 Rxc1 16.Rxc1 Nf6 17.Bxd6 Nxd5 18.Bxe7 Bxb5
(18...Qxe7?? 19.Rc8#) 19.Qxb5+ Kxe7 20.Rd1) 15.Rxc8+ Bxc8 16.Bb5+ Bd7 17.Bxd7+
Kxd7 18.Nd4 {MT: Was Rc1 or Qc2 better?} Nf6 19.Nf5 Bf8 {MT: looks ugly, but
g7 was hanging as well.} 20.Re1 {MT: The attack seems to fizzle out. Maybe
something like} (20.Bg5 Qa6 21.Qf3 Nc4 22.Qh3) 20...Qa6 21.Qc2? {MT: After the
game, PL thought this was the decisive error. I agree as once the queens are
off there is not enough left to continue the pressure.} (21.Qf3 {MT: but I
still cannot see a convincing continuation from here.}) 21...Qc4 22.Qxc4 {MT:
If I try to keep the queens on with Qd2, d5 falls anyway first. But probably
still better.} Nxc4 23.b3 {MT: game pretty much over here...} Nb6 24.Kf1 g6
25.Nd4 Nfxd5 26.Bd2 Bg7 27.Nf3 Bc3 28.Bxc3 Nxc3 29.a4 Nbd5 30.Ng5 f6 31.Ne4
Nxe4 32.Rxe4 Re8 33.Rxe8 Kxe8 34.Ke2 Kd7 35.Kf3 Kc6 36.h4 Kc5 37.g4 Nb4 38.Ke2
Kd4 39.Kd2 d5 40.f4 Nc6 41.Kc2 Ke3 42.g5 fxg5 43.h5 Ke2 44.hxg6 hxg6 45.fxg5
d4 {MT: In some way a nice game, but I guess the lesson for me is: Don't play
such speculative sacs against a better player, especially if you cannot
calculate them properly! PL's defence was way too good for me.} {#R} 0-1

[Event "BCC Championship"]
[Site "PPT"]
[Date "2016.04.18"]
[Round "5"]
[White "Kevin Perrin"]
[Black "Jeremy Lim"]
[Result "0-1"]
[WhiteElo "1607"]
[BlackElo "1520"]

1.e4 c5 2.f4 e6 3.d3 Nc6 4.Nf3 Nf6 5.Be2 Be7 6.O-O d5 7.exd5 Nxd5 8.Qe1 Qc7
9.Ng5 h6 10.Ne4 b6 11.Nbc3 Bb7 12.Nb5 Qd7 13.c4 Nc7 14.Nxc7+ Qxc7 15.f5 exf5
16.Rxf5 Nd4 17.Bf4 Qd7 18.Re5 O-O-O 19.Bd1 Ne6 20.Bg4 g5 21.Bg3 h5 22.Bxe6
fxe6 23.Nxg5 Bf6 24.Nxe6 Bxe5 25.Qxe5 Qc6 26.Qb8+ Kd7 27.Qd6+ Qxd6 28.Bxd6
Kxe6 {#R} 0-1

[Event "BCC Championship"]
[Site "BCC"]
[Date "2016.04.21"]
[Round "3"]
[White "Patrick Cook"]
[Black "Jeremy Lim"]
[Result "1/2-1/2"]
[WhiteElo "1669"]
[BlackElo "1520"]

1.d4 d5 2.c4 c6 3.Nf3 Nf6 4.e3 e6 5.Nc3 Nbd7 6.Bd3 dxc4 7.Bxc4 b5 8.Bd3 a6
9.O-O c5 10.b3 Bb7 11.Bb2 Bxf3!? 12.Qxf3 cxd4 13.exd4 Nb6 14.Ne4 Nbd5 15.Rac1
Be7 16.Nxf6+ Bxf6 17.Be4 O-O 18.Bxd5!? Qxd5 19.Qxd5 exd5 {#d} 1/2-1/2

[Event "BCC Championship"]
[Site "BCC"]
[Date "2016.04.21"]
[Round "3"]
[White "Rodney Jacobs"]
[Black "Jamie Brotheridge"]
[Result "1-0"]
[WhiteElo "1659"]
[BlackElo "1529"]

1.e4 e6 2.d4 d5 3.Nd2 c5 4.exd5 Qxd5 5.Ngf3 cxd4 6.Bc4 Qd6 7.O-O Nf6 8.Nb3 Nc6
9.Nbxd4 Nxd4 10.Nxd4 a6 11.Re1 Be7 12.Bb3 e5 13.Ne2?! {With the idea of
meeting B g4 with f3. According to Deep Shredder, weaker than Nf3. (RJ)} Qxd1
14.Rxd1 O-O 15.Ng3 {the computer likes be6 0.03} Be6 {be6 =[0.02] (JB)

I was very happy to see this. Felt the doubled, isolated pawns would give me
something to work against, as long as I could cope with the pressure against
f2. (RJ)} 16.Bxe6 fxe6 17.Re1 {rac8 the computer likes -0.17} Rac8 18.c3 Rfd8
19.Kf1 Rd5 20.f3 b5 21.a3 Nd7 22.Be3 {this posittionis equal} Bh4 23.Bf2 Nc5
24.Bxc5 Rdxc5 25.Re4 Bf6 26.Rd1 Rd5 27.Ree1 Rcd8 {dead equal} 28.Ke2 Kf7
29.Ne4 {kg6 dead equal} Be7 30.Rc1 Rc8 31.Red1 h6 32.Rd2 Bg5?!
{a5,rcd1,rcd8,ke3  dead equal} 33.Nxg5+ hxg5 34.Rcd1 Rcd8 35.h3 Kg6 36.g4 Kf7
37.Ke3 {daed equal again} Ke7 38.Rd3 {rook take d3 equal} Kd6 39.Ke4 {this is
where l fall apart, lol kc5,rd5+,rd5,
ed5,ke5,kc4,f4,f4,kf4,kb3.h4,kb2,h5,ka3,g5,d4,d4;b4,h6,h6,h6,b3,h7,b2,h8q,b1q,ok
kc5 [0.21]} Re8?? {the losing move +4.81 white has a decisive advantage. l
lack concentration} 40.Rxd5+ exd5+ 41.Rxd5+ Kc6 {l play hard ,l work hard, its
fun either way good l am not that good in chess. l know a few opeing lines but
lm good up to 4 or 5 moves .after that lm lost lol so play at ur own risk
hahaha} 42.Rxe5 {Rodney, you win fair and square and l wish people would be
quiet, l had to tell people a couple of times to be quiet, now how can you
play chess when people talk, its just not on, now l know  lot's of you have
heard it before but it is a fact its the number one tournament of the chess
club.and yet people still talk, what a joke, l will get you next time l hope l
will be back. (Jamie)

Good game Jamie. The computer shows no real errors on either side till the
end. I felt you outplayed me in the opening and I had to crawl back from
there. According to the computer, very even until move 39. (Rod)} 1-0